00979nam a22002057a 4500008004100000020001800041040000800059041000800067050002300075100003600098245008700134260004100221300005500262520027400317650003300591650003100624942000800655952009500663999001500758250121b |||||||| |||| 00| 0 eng d a9789063696054 ctbs aeng aHF5718b.B718 2021 aBrand, Willemien911797eauthor aMy icon libraryb: build & expand your own visual vocabulary c/ Brand, Willemien. aAmsterdam : bBIS Publishers,c2021. a224 pages : illustrations (chiefly color) ; 17 cm. aEssential collection of impactful images that will empower you to embark on your own journey of visual thinking and storytelling. The collection consist of the most common, interesting, weird and wonderful concepts created during the author's visual thinking workshops. 0aBusiness communication94067 0aVisual communication98714 2lcc 00102lcc4070aTBSbTBSd2025-01-21l0oHF5718 BRApB02539r2025-01-21t1w2025-01-21y1 c4469d4469